[Event "Tatarstan-ch"]
[Site "Kazan"]
[Date "2016.09.19"]
[Round "4"]
[White "Tukhvatullin, Gusman"]
[Black "Semenov, Mikhail"]
[Result "1-0"]
[WhiteElo "1969"]
[BlackElo "1680"]
[PlyCount "61"]
[EventDate "2016.09.16"]
[EventType "swiss"]
[EventRounds "9"]
[EventCountry "RUS"]
[SourceTitle "CBM 174 Extra"]
[Source "ChessBase"]
[SourceDate "2016.10.10"]
[SourceVersion "1"]
[SourceVersionDate "2016.10.10"]
[SourceQuality "1"]

1. e4 Nf6 2. e5 Nd5 3. d4 d6 4. Nf3 Bg4 5. Be2 e6 6. 0-0 Nc6 7. c4 Nb6 8. exd6 cxd6 9. d5 exd5 10. cxd5 Bxf3 11. gxf3 Ne5 12. Bb5+ Ned7 13. Re1+ Be7 14. Bg5 f6 15. Bf4 0-0 16. Nc3 a6 17. Bd3 f5 18. Qe2 Ne5 19. Bxe5 dxe5 20. Qxe5 Bd6 21. Qe6+ Kh8 22. Kh1 Rf6 23. Qe3 Rh6 24. f4 Qh4 25. Qg3 Bxf4 26. Qxh4 Rxh4 27. Re6 Rxh2+ 28. Kg1 Nd7 29. Rae1 Nf6 30. d6 Kg8 31. Nd5 1-0

[Event "RUS-chT Seniors final"]
[Site "Sochi"]
[Date "2015.05.02"]
[Round "2.2"]
[White "Tukhvatullin, Gusman"]
[Black "Loginov, Alexander"]
[Result "0-1"]
[WhiteElo "2047"]
[BlackElo "2118"]
[PlyCount "62"]
[EventDate "2015.05.01"]
[EventType "team-tourn"]
[EventRounds "5"]
[EventCountry "RUS"]
[SourceTitle "EXT 2018"]
[Source "ChessBase"]
[SourceDate "2017.10.13"]
[SourceVersion "1"]
[SourceVersionDate "2017.10.13"]
[SourceQuality "1"]

1. e4 e6 2. Qe2 c5 3. Nf3 Nc6 4. g3 Nge7 5. Bg2 Ng6 6. 0-0 Be7 7. c3 d5 8. d3 d4 9. c4 e5 10. Ne1 Bd6 11. f4 exf4 12. gxf4 Nh4 13. e5 Be7 14. Be4 h5 15. Kh1 Bg4 16. Qf2 Qd7 17. a3 Nf5 18. Nc2 h4 19. Bxf5 Qxf5 20. Ne1 h3 21. Nd2 Bh4 22. Qg1 0-0-0 23. Ndf3 Bxe1 24. Nxe1 Be2 25. Rf2 Bxd3 26. Qg3 Be4+ 27. Kg1 Rh6 28. Kf1 Rg6 29. Qb3 Na5 30. Qd1 Nxc4 31. Qe2 d3 0-1

[Event "Kazan Region-ch 6th"]
[Site "Kazan"]
[Date "2008.01.31"]
[Round "9"]
[White "Ioffe, Dmitry"]
[Black "Tukhvatullin, Gusman"]
[Result "1/2-1/2"]
[WhiteElo "2176"]
[BlackElo "2110"]
[PlyCount "106"]
[EventDate "2008.01.23"]
[EventType "swiss"]
[EventRounds "9"]
[EventCountry "RUS"]
[SourceTitle "CBM 122 Extra"]
[Source "ChessBase"]
[SourceDate "2008.03.04"]
[SourceVersion "1"]
[SourceVersionDate "2008.03.04"]
[SourceQuality "1"]

1. e4 Nc6 2. d4 d5 3. Nc3 dxe4 4. d5 Ne5 5. Qd4 Ng6 6. Be3 e5 7. dxe6 Bxe6 8. Nxe4 Qxd4 9. Bxd4 0-0-0 10. Nf3 Bd5 11. Ned2 Re8+ 12. Kd1 c5 13. Be3 Nf6 14. h3 Bxf3+ 15. Nxf3 Nd5 16. Bd2 Be7 17. c3 a6 18. Kc2 Bf6 19. g3 Re7 20. Bd3 Rd8 21. Rhe1 Rxe1 22. Rxe1 Kc7 23. a3 Kd6 24. Ng5 Bxg5 25. Bxg5 Nf6 26. Bc4 Rf8 27. a4 Ne5 28. Bf4 Nfd7 29. Rd1+ Ke7 30. Bd5 b6 31. Bb7 a5 32. Bd5 Kf6 33. Be4 Ke6 34. Bd5+ Ke7 35. Re1 f6 36. Be3 Kd6 37. Rd1 Kc7 38. f4 Nf7 39. Bf2 Nd6 40. Re1 Re8 41. Rxe8 Nxe8 42. Kd3 Nd6 43. g4 Kd8 44. Bg8 h6 45. Bd5 Ke7 46. Bf3 g5 47. Ke3 Nf8 48. h4 Ng6 49. hxg5 hxg5 50. fxg5 fxg5 51. b3 Kd7 52. Bg3 Ke6 53. Be2 Ne5 1/2-1/2

[Event "Kazan Region-ch 6th"]
[Site "Kazan"]
[Date "2008.01.30"]
[Round "8"]
[White "Amirkhanov, Roustem"]
[Black "Tukhvatullin, Gusman"]
[Result "1/2-1/2"]
[WhiteElo "2291"]
[BlackElo "2110"]
[PlyCount "72"]
[EventDate "2008.01.23"]
[EventType "swiss"]
[EventRounds "9"]
[EventCountry "RUS"]
[SourceTitle "CBM 122 Extra"]
[Source "ChessBase"]
[SourceDate "2008.03.04"]
[SourceVersion "1"]
[SourceVersionDate "2008.03.04"]
[SourceQuality "1"]

1. e4 Nc6 2. Nc3 e5 3. Bc4 d6 4. d3 Be7 5. f4 Nf6 6. Nf3 Bg4 7. Bb5 0-0 8. Bxc6 bxc6 9. fxe5 dxe5 10. 0-0 a5 11. Be3 a4 12. b3 axb3 13. axb3 Qd6 14. Na4 Nd7 15. Qe1 Bxf3 16. Rxf3 Qb4 17. Rf1 Qxe1 18. Rfxe1 Ra6 19. Nb2 Rfa8 20. Rxa6 Rxa6 21. Nc4 Ra2 22. Re2 f6 23. Kf2 Bc5 24. c3 Bxe3+ 25. Kxe3 Ra1 26. d4 Kf7 27. dxe5 fxe5 28. b4 Ke6 29. Kd3 c5 30. Na5 cxb4 31. cxb4 c5 32. Nb3 Ra3 33. Kc3 cxb4+ 34. Kxb4 Ra8 35. Kc4 Rc8+ 36. Kd3 Rb8 1/2-1/2

[Event "Kazan Region-ch 6th"]
[Site "Kazan"]
[Date "2008.01.28"]
[Round "6"]
[White "Matveeva, Olga"]
[Black "Tukhvatullin, Gusman"]
[Result "1-0"]
[WhiteElo "2175"]
[BlackElo "2110"]
[PlyCount "41"]
[EventDate "2008.01.23"]
[EventType "swiss"]
[EventRounds "9"]
[EventCountry "RUS"]
[SourceTitle "CBM 122 Extra"]
[Source "ChessBase"]
[SourceDate "2008.03.04"]
[SourceVersion "1"]
[SourceVersionDate "2008.03.04"]
[SourceQuality "1"]

1. d4 d5 2. c4 e5 3. dxe5 d4 4. Nf3 Nc6 5. g3 Bg4 6. Bg2 Qd7 7. 0-0 0-0-0 8. Qb3 Be7 9. Rd1 Na5 10. Qb5 Qxb5 11. cxb5 Bxf3 12. exf3 c5 13. bxc6 Nxc6 14. f4 Bc5 15. Nd2 Nge7 16. Ne4 b6 17. Bd2 Kb8 18. Nxc5 bxc5 19. Rac1 Kc7 20. Rxc5 Kb6 21. Rdc1 1-0